| 000 | 00913nam a2200277Ia 4500 | ||
|---|---|---|---|
| 003 | OSt | ||
| 005 | 20260202145708.0 | ||
| 008 | 220923b |||||||| |||| 00| 0 eng d | ||
| 020 | _a9788126528141 | ||
| 037 | _cGeneral Book | ||
| 040 |
_aRTL _cRTL _beng |
||
| 041 |
_2eng _aeng |
||
| 084 |
_aX65:8 M1;Q0/TD _qRTL |
||
| 100 |
_aElton Edwin J. _9266806 |
||
| 245 | 0 | _aModern portfolio theory and investment analysis | |
| 250 | _a8th | ||
| 260 |
_a New Delhi _bWiley India _c2010 |
||
| 300 |
_axviii,727 p. _bincludes bibliographical references and index |
||
| 500 | _aBibliography chapterwise | ||
| 650 |
_aEconomics _91113175 |
||
| 700 |
_aGruber, Martin J. _91113176 |
||
| 700 |
_aGoetzmann, William N. _91113177 |
||
| 700 |
_aBrown, Stephen J. _91113178 |
||
| 942 |
_hX65:8, M1;Q0/TD _cTEXL _2CC _n0 |
||
| 999 |
_c617284 _d617284 |
||